000 00798nam a2200253Ia 4500
003 OSt
005 20220926021709.0
006 a|||||r|||| 00| 0
007 ta
008 220923b |||||||| |||| 00| 0 eng d
020 _a9789211170030
037 _cGeneral Book
040 _aRTL
_cRTL
_beng
041 _2eng
_aeng
082 _aU:(G:55).583.N9, P9/UN
110 _aUNITED NATIONS, ECONOMIC COMMISSION FOR EUROPE
245 0 _aEnvironmental performance review
_b Kyrgyzstan.
260 _aNew York
_bUnited Nations
_c2009
300 _axx,194p.
_ccm.
490 _aEnvironmental Performance Reviews Series No. 28
700 _aUNITED NATIONS, ECONOMIC COMMISSION FOR EUROPE
942 _hU:(G:55).583.N9, P9/UN
_cGB
_2CC
999 _c637415
_d637415